ईश्वरवाद (Record no. 419816)

MARC details
000 -LEADER
fixed length control field 00375nam a2200133Ia 4500
008 - FIXED-LENGTH DATA ELEMENTS--GENERAL INFORMATION
fixed length control field 100122s9999 xx 000 0 und d
082 ## - DEWEY DECIMAL CLASSIFICATION NUMBER
Item number 37357
Classification number 211.3
100 ## - MAIN ENTRY--PERSONAL NAME
Personal name दांडेकर शं वा
245 ## - TITLE STATEMENT
Title ईश्वरवाद
260 ## - PUBLICATION, DISTRIBUTION, ETC. (IMPRINT)
Name of publisher, distributor, etc य.गो.जोशी
630 ## - SUBJECT ADDED ENTRY--UNIFORM TITLE
Uniform title ईश्वरवाद
730 ## - ADDED ENTRY--UNIFORM TITLE
Uniform title ईश्वरवाद
942 ## - ADDED ENTRY ELEMENTS (KOHA)
Koha item type Book
Holdings
Withdrawn status Lost status Damaged status Not for loan Home library Current library Date acquired Cost, normal purchase price Total Checkouts Full call number Barcode Date last seen Cost, replacement price Price effective from Koha item type Public note
        S.V. Pathak Library, Vile Parle S.V. Pathak Library, Vile Parle 02/12/1985 1.00   37357 SVPPARLE-37357 01/25/2010 1.00 01/25/2010 Book NA